000 00651nam a2200205 a 4500
005 20240314063651.0
008 160429s2006 ea r 000 0 spa d
020 _a140481681X
035 _aUPN01000209945
049 _aI
050 4 _aPS3610 O5.4
_bA3.2
100 1 _aJones, Christianne C.
_935689
245 1 0 _aAcampar /
_cChristianne C. Jones ; il. James Demski Jr.; tr. Carlos Ruiz.
260 _aMinneapolis [E.U.A.] :
_bPicture Window Books,
_c2006.
300 _a24 p. :
_bil.
440 0 _aRead-Readers.
_pNivel rojo
650 4 _aCuentos infantiles estadounidenses
_910762
650 4 _aCUENTOS HUMORISTICOS
_911283
905 _aInfantil
999 _c182046
_d182046